| 000 | 00446cam a2200181ua 4500 | ||
|---|---|---|---|
| 020 | _cRs 2.25 | ||
| 041 |
_ahin _h |
||
| 082 |
_a891.54 _bPRA/MA |
||
| 100 | _aPrabhakar, Machve . | ||
| 245 |
_aMaratti aur uska sahitya / _cPrabhakar Machve. _hTextual Documents |
||
| 250 |
_a1 / _b. |
||
| 260 |
_aDelhi : _bRajkamal Prakash , _c1945. |
||
| 300 | _a133 ; . | ||
| 365 | _aRs 2.25 | ||
| 504 | _a | ||
| 942 | _cBK | ||
| 999 |
_c3532 _d3532 |
||